00723nam a2200205Ia 4500003000900000008004100009020001800050040001600068080002500084245011800109260007900227300001500306490003700321650002800358650002300386650002200409700002900431700003100460700002600491IN-BaIIA211028s9999 xx 000 0 eng d a0-8194-4208-9 cIIA Library a535(082.1)bSPI-4494 0aAdaptive optics systems and technology IIcedited by Robert K. Tyson, Domenico Bonaccini and Michael C. Roggemann aWashington, D. C.bThe International Society for Optical Engineeringc2002 avii, 374p. aSPIE proceedings series; v. 4494 aAdaptive optics systems aLaser guided stars aWavefront sensing aBonaccini, Domenico, ed. aRoggemann, Michael C., ed. aTyson, Robert K., ed.